01837nam a22003375i 4500999001700000003000900017005001700026008004100043020001800084040004300102082002100145100003700166245008300203264007500286264001000361300005200371336002600423337002800449338002700477500002000504500002500524520051200549521000801061650007401069650007201143650007201215653002601287655002401313942001201337952015001349 c23841d23813EG-ScBUE20201108110517.0140703t20142014maua f 001 0 eng d a9781285750767 aEG-ScBUEbengerdadEG-ScBUEcEG-ScBUE04a808.042bFOL2221 aFolse, Keith S.,eauthor.91262910aGreat writing :pfoundations /cKeith S. Folse, University of Central Florida. 1aBoston, MA :bNational Geographic Learning / Cengage Learning,c[2014] 4cc2014 axx, 299 pages :billustrations (color) ;c28 cm atextbtxt2rdacontent aunmediatedbn2rdamedia avolumebnc2rdacarrier aIncludes index. aIncludes appendices. aNow with engaging National Geographic images, the new edition of the Great Writing series helps students write better sentences, paragraphs, and essays. The new Foundations level meets the needs of low-level learners through practice in basic grammar, vocabulary, and spelling, while all levels feature clear explanations, student writing models, and meaningful practice opportunities. The new edition of the Great Writing series is the perfect writing solution for all learners from beginning to advanced.  aA 1 7aEnglish languagexParagraphsvProblems, exercises, etc.2BUEsh936023 7aEnglish languagexRhetoricvProblems, exercises, etc.2BUEsh930923 7aEnglish languagexSentencesvProblems, exercises, etc.2BUEsh99255 bHHUUEENNcJanuary2017 vReading book934232 2ddccBB 00102ddc40708ILBaMAINbMAINc2NDd2017-01-04ePurchaseg195.00h8263l0o808.042 FOLp000040734r2025-07-15 00:00:00v244.00w2017-01-04yBB